000
00394nam a2200145Ia 4500
008
100122s9999 xx 000 0 und d
082
_b
43955
_a
823
100
_a
वैद्य सुरेश
245
_a
साहजिक
260
_b
अर्चना प्रकाशन
_c
1990
300
_a
186
630
_a
साहजिक
730
_a
साहजिक
942
_c
BOOK
999
_c
423854
_d
423851